00604nam a2200181Ia 4500003000900000008004100009020002200050040001600072080001900088100002000107245009200127260003000219300001600249490003300265650004400298650004500342650003500387IN-BaIIA211028s9999 xx 000 0 eng d a978-94-007-6874-1 cIIA Library a[8]:01:00bHOS aHoskin, Michael 0aWilliam and Caroline Herschelbpioneers in late 18th-century astronomycMichael Hoskin  aDordrechtbSpringerc2014 aviii, 112p. aSpringer briefs in astronomy aAstronomers - Great Britain - biography aHerschel, Caroline Lucretia, - 1750-1848 aHerschel, William, - 1738-1822